000 00964nam a2200217 i 4500
001 152468
003 ES-MaACL
005 20250902102520.0
008 971016s1884 sp |||| | spa d
100 1 _aBotella y de Hornos, Federico de,
_d1822-1899
_930760
245 1 0 _aNota sobre la alimentación y desaparición de las grandes lagunas peninsulares /
_cFederico de Botella y de Hornos.
260 _a[S.l. :
_bs.n.,
_c1884?]
300 _a12 p. ;
_c24 cm.
500 _aEjemp. sin port., datos tomados de la primera h. de texto.
500 _aSesión del 5 de noviembre de 1884 de la Soc. Esp. de Hist. Nat.
594 _aAutor consta a fin de texto.
650 4 _aLagos-
_zEspaña.
_9164085
710 2 _aReal Sociedad Española de Historia Natural
_96397
852 _aES-MaACL
_jB-7464(12)
_z- Enc. hol. con puntas, falto de enc. original
_z- Enc. en un vol. facticio
_z.- Legado de Federico de Botella y de Hornos
999 _c152468
_d152468